Highways of Clark County, Wisconsin - Statistics

General Stats
  • This quiz has been taken 15 times
  • The average score is 24 of 34
Answer Stats
Highway % Correct
U.S. Highway 10
100%
County Highway A
80%
County Highway B
80%
County Highway C
80%
County Highway D
80%
County Highway E
80%
County Highway F
80%
County Highway G
80%
County Highway H
80%
County Highway I
80%
County Highway J
80%
County Highway K
80%
County Highway M
80%
County Highway N
80%
County Highway O
80%
County Highway P
80%
County Highway Q
80%
County Highway T
80%
County Highway W
80%
County Highway X
80%
County Highway Y
80%
County Highway Z
80%
U.S. Highway 12
80%
Wisconsin Highway 13
80%
Wisconsin Highway 29
80%
Wisconsin Highway 73
80%
Wisconsin Highway 27
60%
Wisconsin Highway 95
60%
Wisconsin Highway 98
60%
County Highway DD
20%
County Highway GG
20%
County Highway MM
20%
County Highway NN
20%
County Highway OO
20%
No matching quizzes found
Score Distribution
Percent of People with Each Score
Percentile by Number Answered
Your Score History
You have not taken this quiz